नैषधीचरित का दार्शनीक अध्ययन (Record no. 1023121)
[ view plain ]
| 000 -LEADER | |
|---|---|
| fixed length control field | 00992nam a2200265Ia 4500 |
| 003 - CONTROL NUMBER IDENTIFIER | |
| control field | OSt |
| 005 - DATE AND TIME OF LATEST TRANSACTION | |
| control field | 20221005111849.0 |
| 008 - FIXED-LENGTH DATA ELEMENTS--GENERAL INFORMATION | |
| fixed length control field | 221004b |||||||| |||| 00| 0 san d |
| 020 ## - INTERNATIONAL STANDARD BOOK NUMBER | |
| International Standard Book Number | 9789381698037 (hbk) |
| 037 ## - SOURCE OF ACQUISITION | |
| Terms of availability | Textual |
| 040 ## - CATALOGING SOURCE | |
| Original cataloging agency | CRL |
| Transcribing agency | CRL |
| Language of cataloging | san |
| 041 ## - LANGUAGE CODE | |
| Source of code | san |
| Language code of text/sound track or separate title | san |
| 100 ## - MAIN ENTRY--PERSONAL NAME | |
| Personal name | झा, शिश्वनाथ |
| 245 #0 - TITLE STATEMENT | |
| Title | नैषधीचरित का दार्शनीक अध्ययन |
| 246 ## - VARYING FORM OF TITLE | |
| Title proper/short title | Naiṣhadhīcharit kā dārshanīk adhyayana |
| 260 ## - PUBLICATION, DISTRIBUTION, ETC. | |
| Place of publication, distribution, etc. | वाराणसी |
| Name of publisher, distributor, etc. | कला प्रकाशन भारत |
| Date of publication, distribution, etc. | 2012 |
| 300 ## - PHYSICAL DESCRIPTION | |
| Extent | 144पृ0 |
| Dimensions | cm. |
| 650 ## - SUBJECT ADDED ENTRY--TOPICAL TERM | |
| Topical term or geographic name entry element | संस्कृत साहित्य |
| 942 ## - ADDED ENTRY ELEMENTS (KOHA) | |
| Classification part | O15,1F75,1:g(R), 152Q2 |
| Koha item type | Textual |
| Source of classification or shelving scheme | |
| Withdrawn status | Lost status | Damaged status | Not for loan | Home library | Current library | Date acquired | Source of acquisition | Cost, normal purchase price | Total Checkouts | Full call number | Barcode | Date last seen | Cost, replacement price | Price effective from | Koha item type |
|---|---|---|---|---|---|---|---|---|---|---|---|---|---|---|---|
| Central Library | Central Library | 2022-10-05 | 438, 13/02/2012, Eastern Book Linkers | 380.00 | O15,1F75,1:g(R) 152Q2 | CL1431900 | 2022-10-05 | 380.00 | 2022-10-05 | Textual |
